El monumento ; Un grito en el desierto / (Record no. 81996)

MARC details
000 -LEADER
campo de control de longitud fija 00679nam a2200241 i 4500
001 - NÚMERO DE CONTROL
campo de control 81996
003 - IDENTIFICADOR DE NÚMERO DE CONTROL
campo de control ES-MaACL
005 - FECHA Y HORA DE LA ÚLTIMA TRANSACCIÓN
campo de control 20230906174545.0
007 - CAMPO FIJO DE DESCRIPCIÓN FÍSICA--INFORMACIÓN GENERAL
campo de control de longitud fija t|
008 - DATOS DE LONGITUD FIJA--INFORMACIÓN GENERAL
campo de control de longitud fija 041118s2004 sp ||||0| spa d
020 ## - NÚMERO INTERNACIONAL ESTÁNDAR DEL LIBRO
Número Internacional Estándar del Libro 84-95489-93-7
040 ## - FUENTE DE CATALOGACIÓN
Centro catalogador/agencia de origen M-BN
Lengua de catalogación spa
Centro/agencia transcriptor M-BN
080 ## - NÚMERO DE LA CLASIFICACIÓN DECIMAL UNIVERSAL
Número de la Clasificación Decimal Universal 821.134.2-23"19"
100 1# - ENTRADA PRINCIPAL--NOMBRE DE PERSONA
Nombre de persona Lenza González, Enrique.
9 (RLIN) 71558
245 13 - MENCIÓN DEL TÍTULO
Título El monumento ; Un grito en el desierto /
Mención de responsabilidad, etc. Enrique Lenza.
260 ## - PUBLICACIÓN, DISTRIBUCIÓN, ETC.
Lugar de publicación, distribución, etc. Madrid :
Nombre del editor, distribuidor, etc. La Avispa,
Fecha de publicación, distribución, etc. [2004]
300 ## - DESCRIPCIÓN FÍSICA
Extensión 74 p. ;
Dimensiones 22 cm.
490 1# - MENCIÓN DE SERIE
Mención de serie La avispa ;
Designación de volumen o secuencia 136
740 1# - ENTRADA AGREGADA--TÍTULO RELACIONADO/ANALÍTICO NO CONTROLADO
Título relacionado o analítico no controlado Un grito en el desierto.
830 0# - PUNTO DE ACCESO ADICIONAL DE SERIE-TÍTULO UNIFORME
Título uniforme La avispa ;
Designación de volumen o secuencia 136
9 (RLIN) 179650
852 ## - LOCALIZACIÓN
Ubicación ES-MaACL
Número de control de estantería L-28483
Sublocalización o colección R.134332
Holdings
Estatus retirado Estado de pérdida Estado de daño No para préstamo Biblioteca de origen Biblioteca actual Ubicación en estantería Fecha de adquisición Fuente de adquisición Total de préstamos Signatura topográfica completa Código de barras Visto por última vez Precio de reemplazo Tipo de ítem Koha
        Biblioteca del Ateneo de Madrid Biblioteca del Ateneo de Madrid Depósito 2 17/01/2008     L-28483 1085701 23/02/2023 23/02/2023 Libro impreso